[Event "Fujitsu Siemens Giants"]
[Site "Frankfurt"]
[Date "2000.06.23"]
[Round "3"]
[White "Anand, Viswanathan"]
[Black "Leko, Peter"]
[Result "1-0"]
[WhiteElo "2769"]
[BlackElo "2725"]
[Annotator "Anand,V"]
[PlyCount "107"]
[EventDate "2000.06.22"]
[EventType "tourn"]
[EventRounds "10"]
[EventCountry "GER"]
[EventCategory "21"]
[SourceTitle "CBM 078"]
[Source "ChessBase"]
[SourceDate "2000.10.18"]
[SourceVersion "1"]
[SourceVersionDate "2000.10.18"]
[SourceQuality "1"]

1. e4 e5 {Peter plays all sorts of openings, but in Frankfurt he stuck to 1...
e5} 2. Nf3 Nc6 3. Bb5 Nf6 4. O-O Bc5 {An opening he was very fond of in 1999,
playing a few games against Topalov as well as using it in Las Vegas.} 5. c3
O-O 6. d4 Bb6 7. Bg5 h6 8. Bh4 d6 9. Qd3 Bd7 10. Nbd2 a6 {All this is fairly
standard stuff} 11. Bxc6 $1 {All the earlier games involved 11.Bc4 but Black
is able to pen up the game with 11...exd4 followed by g5. Ubi and I found this
whilst preparing for Peter in Dortmund last year. The idea is fairly simple -
keep things under control in the center and make it difficult for Black to
break the pin on the kingside. The two bishops are not so important right now.}
Bxc6 12. Rfe1 Re8 13. a4 Ba7 14. b3 {A lazy move, not unlike Kh1 in the
Sicilian which can be useful in rapid games simply to be able to press your
clock.  Later I found a game Salai-Vercera where White played b4 which saves
time over the game.} Qe7 (14... g5 15. Nxg5 hxg5 16. Bxg5 {White follows up
with Re3-g3} Kg7 17. Re3 Qc8 18. Rg3 $40) 15. h3 (15. Nf1 $6 exd4 16. cxd4 Bxe4
17. Bxf6 gxf6) 15... Rad8 (15... g5 16. Nxg5 hxg5 17. Bxg5 Kg7 18. Re3 Qf8 19.
Rg3 $1) 16. b4 {A bit late, but equally strong.} Bd7 17. b5 Bc8 18. Nf1 (18.
Rab1 {White could also have played threatening Nc4 and b6 shutting out the
bishop.}) 18... Qe6 19. Ng3 {White still doesn't theraten anything, but it's
difficult for Black to move anything.} c6 20. Rab1 {Now b6 and d5 will "win" a
piece, so Black has to act.} g5 21. Nxg5 hxg5 22. Bxg5 axb5 23. axb5 exd4 (
23... cxb5 24. d5 Qe7 25. Qf3 $18) 24. cxd4 (24. b6 $1 Bxb6 (24... Bb8 25. cxd4
{White now threatens Bxf6 followed by d5 after the Bb8 is dead.}) 25. Rxb6 $18)
24... cxb5 25. Rxb5 Nh7 26. Bxd8 Rxd8 {Two bishops vs a rook and two pawns is
bad enough but the pawn on b7 is weak and his king is exposed as well.  It's
surprising that you can destroy a position like this in just two moves!} 27.
Nf5 $2 (27. Ra1 {This probably wins on the spot.}) 27... Qf6 $1 28. Rd1 $4 (28.
Ra1 {This would still have been very good}) 28... d5 {Suddenly, Black is back
in the game.} 29. Ng3 dxe4 30. Nxe4 Qg6 31. Nc5 Bf5 {We were both short of
time and the rest of the game is chockful of errors.} 32. Qa3 Bxc5 33. Rxc5 Ng5
34. Rc3 (34. Qg3) 34... Ne4 35. Re3 Kh7 36. d5 $2 {Missing Black's next.} Rg8
$1 37. g3 Bxh3 38. Qe7 Ng5 39. d6 Bg4 40. Rdd3 Ra8 (40... Rc8 {Leko later
pointed this out - White simplay doesn't have Qe5}) 41. Qe5 Qh5 42. Qf6 Bd7 43.
f3 $2 Rg8 (43... Ra2 {Wins on the spot.}) 44. Re7 Bc6 45. d7 Qh3 46. Rxf7+ (46.
d8=Q Qxg3+ 47. Kf1 Rxd8 48. Qf5+ Kg7 49. Rxd8 Qxf3+ 50. Qxf3 Nxf3) 46... Nxf7
47. Qxf7+ Rg7 48. Qxg7+ Kxg7 49. d8=Q Qxg3+ 50. Kf1 Qh3+ (50... Bb5 {This
still draws, but with very little time it isn't easy to see that White has no
check winning the bishop.}) 51. Ke1 Qh1+ 52. Kd2 Qh2+ 53. Kc3 Qh6 $4 (53...
Qe5+ 54. Qd4) 54. Qe7+ {And Peter resigned.} 1-0

[Event "Bundesliga 1213"]
[Site "Germany"]
[Date "2012.11.11"]
[Round "4.3"]
[White "Areshchenko, Alexander"]
[Black "Howell, David"]
[Result "1-0"]
[WhiteElo "2710"]
[BlackElo "2634"]
[Annotator "Areshchenko/Meyer,CD"]
[PlyCount "107"]
[EventDate "2012.10.20"]
[EventType "team-tourn"]
[EventRounds "15"]
[EventCountry "GER"]
[SourceTitle "CBM 152"]
[Source "ChessBase"]
[SourceDate "2013.01.15"]
[SourceVersion "1"]
[SourceVersionDate "2013.01.15"]
[SourceQuality "1"]
[WhiteTeam "Werder Bremen"]
[BlackTeam "Trier"]
[WhiteTeamCountry "GER"]
[BlackTeamCountry "GER"]
[WhiteClock "0:02:23"]
[BlackClock "0:18:36"]

1. e4 e5 2. Nf3 Nc6 3. Bb5 Nf6 4. d3 {Eine beliebte Fortsetzung zwecks
Umgehung des "Berliner Mauer-Endspiels" (4.0-0 Nxe4 5.d4 Nd6 6.Bxc5 dxc6 7.
dxe5 Nf5 8.Qxd8+ Kxd8).  "It doesn't look like much, but 4.d3 is a move to
take very seriously. Kasparov openly regretted not trying it in 2000, while
Kramnik says on his DVD that it is a dangerous move, and that he and his team
already knew this in 2000 and had to work long and hard to find a way to try
and equalise..." (aus The Berlin Wall von John Cox)} ({Am selben
Bundesliga-Wochenende im Bremer Weserstadion geschah tags zuvor:} 4. O-O Nxe4
5. Re1 {ist ein anderer, uralter Zug (Steinitz), um dem frühen Damentausch aus
dem Weg zu gehen, mit dem derzeit wiederholt experimentiert wird. "This
usually leads to slightly freer white play, without too many real chances for
an advantage, however." (M. Marin im CBM)} Nd6 6. Nxe5 Be7 7. Bf1 Nxe5 8. Rxe5
O-O 9. Nc3 (9. d4 Bf6 10. Re1 Re8 11. Bf4 Rxe1 12. Qxe1 Ne8 13. Nc3 Bxd4 14.
Nd5 d6 15. Bg5 Bf6 16. Nxf6+ Nxf6 17. Bxf6 gxf6 18. Qe4 $5 {und nach langem
Kampf siegte Weiß in beeindruckender Manier, McShane - Kramnik, Moskau 2012, 1:
0/94}) 9... Bf6 10. Re1 Nf5 11. Nd5 d6 12. c3 Be6 13. Nf4 Bd7 14. d4 c6 15. g3
g6 16. h4 Bg7 17. Bd2 Qb6 18. Qc2 Rae8 19. Bd3 Nh6 20. Rxe8 Rxe8 21. Re1 Rxe1+
22. Bxe1 Bf5 23. Qe2 Qd8 24. Bd2 d5 25. Kg2 Bf8 26. h5 Bc8 27. hxg6 hxg6 28.
Qe1 Bf5 29. f3 {remis, Adams,M (Baden-Baden, 2720) - McShane,L (Werder Bremen,
2713), Schachbundesliga 2012/13, 2012}) 4... d6 ({Zur aktiveren Alternative} 
4... Bc5 {zwei Partien aus der laufenden Bundesliga-Saison:} 5. c3 O-O 6. O-O
d6 7. Nbd2 Bb6 8. Nc4 Ne7 9. Ba4 Ng6 10. Re1 (10. h3 h6 11. Bc2 Re8 12. Re1 c6
13. Nxb6 axb6 14. d4 b5 15. b3 Bd7 16. Bb2 Qc7 17. Nh2 c5 18. Nf1 Bc6 19. Ng3
c4 20. Nf5 d5 21. exd5 Bxd5 22. dxe5 Rxe5 23. Rxe5 Qxe5 24. Ne3 Bc6 25. bxc4
bxc4 26. Bxg6 fxg6 27. Nxc4 Qe6 28. Ne3 Rxa2 29. Rxa2 Qxa2 30. Qc1 Nd5 31. Ng4
Qc4 32. Qd2 g5 33. Ne5 Qe4 34. c4 Nf4 35. f3 Qb1+ 36. Kh2 Qf1 37. Ng6 Qd3 38.
Qxd3 Nxd3 39. Bd4 Kf7 40. Ne5+ {remis, Navara,D (2722) - Buhmann,R (2584),
Schachbundesliga 2012/13, 2012}) 10... c6 11. Nxb6 axb6 12. Bc2 h6 13. h3 Be6
14. a3 b5 15. d4 Re8 16. Be3 Qc7 17. Nd2 Rad8 18. Qf3 Qe7 19. Rad1 Nh4 20. Qg3
Nh5 21. Qh2 Ng6 22. g3 Qf8 23. f4 exf4 24. gxf4 f5 25. d5 $2 cxd5 26. exf5 $2
Bxf5 $19 {, dennoch remis/54, Jansa,V (2451) - Buhmann,R (2584),
Schachbundesliga 2012/13, 2012}) 5. c3 Be7 6. O-O O-O 7. Re1 Bd7 8. Ba4 Re8 9.
Nbd2 Bf8 10. Nf1 h6 11. Ng3 Ne7 12. Bc2 Ng6 13. d4 c5 (13... c6 14. h3 Qc7 15.
Be3 Rad8 16. c4 exd4 17. Bxd4 Re6 18. Bc3 c5 19. Nd2 Rde8 20. Ndf1 Bc6 21. f3
b5 22. cxb5 Bxb5 23. Qd2 Bxf1 24. Nxf1 d5 25. Ba4 d4 26. Ba5 Qe5 27. Bxe8 Rxe8
28. Rac1 Nh5 29. b4 Be7 30. Rxc5 Bxc5 31. bxc5 Qxc5 32. Rc1 Qb5 33. Bc7 Ne5 34.
Rd1 Nc6 {1/2-1/2 Efimenko,Z (2701)-Miroshnichenko,E (2651)/Kiev 2011/CBM 143})
14. h3 Qc7 (14... cxd4 15. cxd4 exd4 16. Qxd4 Qc7 17. Bb3 d5 18. e5 Bc5 19. Qc3
Qb6 20. Be3 d4 21. Bxd4 Bxd4 22. Qxd4 Qxd4 23. Nxd4 Rxe5 24. Rec1 Ne8 25. Rc3
Rc8 26. Rxc8 Bxc8 27. Rd1 Kf8 28. Nf3 Rc5 29. Ne4 Rc7 30. Nc3 Rd7 31. Rc1 Rc7
32. Rd1 Rd7 33. Rc1 {1/2-1/2 Alekseev,E (2691)-Sargissian,G (2677)/Plovdiv
2010/CBM 139}) 15. Be3 b5 (15... Bc6 16. d5 Bd7 17. Qd2 b5 18. a4 $14 {1-0/84,
Felgaer,R (2585) - Karavade,E (2353), Caleta 2011}) 16. Qd2 $5 $146 (16. Nh2
exd4 17. cxd4 d5 18. dxc5 Bxc5 19. Bxc5 Qxc5 20. Rc1 Qb4 $132 {remis/75,
Kobalia,M (2673) - Sethuraman,S (2529), Moscow 2012}) 16... a5 17. a4 $5 cxd4 (
{Alternativen: I AA:} 17... b4 $6 18. d5 Rab8 19. Bd3 (19. c4 $5) 19... bxc3 (
19... c4 20. Bf1 (20. Be2) 20... h5 $6 21. Bg5) 20. Qxc3 $14) ({II AA:} 17...
exd4 $5 18. cxd4 bxa4 19. d5 $5 (19. dxc5 dxc5 20. Bxa4 Bc6 21. Bxc6 Qxc6 22.
Rxa5 Rxa5 23. Qxa5 Nxe4 $11) 19... Rab8 20. Qc1 Qb7 21. Ra2 $36) 18. cxd4 bxa4
19. Bxa4 ({AA:} 19. d5 Qc4 $1 20. Rec1 Qb4 21. Qd1 Qxb2 $11) 19... Bxa4 20.
Rxa4 d5 $1 {Ein starker Bauernaufzug, der dem Schwarzen Ausgleich verschaffen
sollte.} 21. dxe5 ({AA:} 21. Rc1 Qd7 (21... Qb7 22. Nxe5 Nxe5 23. dxe5 Nxe4 24.
Nxe4 dxe4 25. Rxa5 Red8 26. Qe1 Qxb2 $11) 22. Rxa5 Rxa5 23. Qxa5 exd4 24. Nxd4
dxe4 $11) 21... Nxe4 $2 {Dabei übersah der junge Engländers am Ende der
folgenden Abtauschoperation eine schlichte Abzugsdrohung, die ihm einen Bauern
kostet.} ({Erforderlich und völlig ausreichend war} 21... Nxe5 22. Nxe5 Qxe5 {
und nun z.B.} 23. Bd4 (23. f4 $2 Qb8 $1 24. e5 Bb4 25. Rxb4 Qxb4 26. exf6 d4
27. Qxb4 axb4 28. Bd2 Rxe1+ 29. Bxe1 Ra1 30. Kf1 Rb1 $19) (23. Bf4 Qe6 $13 {/=}
) 23... Qe6 $13 {/=}) 22. Nxe4 dxe4 23. Rxe4 Nxe5 (23... Bb4 $2 24. Rc1 $16 (
24. Qc1)) 24. Nxe5 Rxe5 25. Rxe5 ({AA:} 25. Bf4 Rxe4 26. Bxc7 Bb4 $11 {(} 27.
Rxe4 Bxd2 {)}) 25... Qxe5 26. Bxh6 $1 {Autsch! Allerdings kann Schwarz darauf
hoffen, daß nun die Vorteilsverwertung für den Gegner ein überaus schwieriges
Unterfangen ist.} Qf5 27. Qf4 Qb5 ({Oder: I} 27... Qd5 28. Qg4 $14) ({II AA:} 
27... Qxf4 28. Bxf4 a4 $14) 28. Qf3 Rd8 ({AA:} 28... Rc8 29. b3) 29. Bc1 a4 30.
Rd1 $6 ({I} 30. Re4 $6 Qc6 31. Be3 Rb8 32. Rd4 (32. Bd4 Rb4) 32... Qxf3 33.
gxf3 Rxb2 34. Rxa4) ({II} 30. Qg4 $5 Qb4 (30... Qa5 31. Rd1 Rxd1+ 32. Qxd1) 31.
Re4 {(+/=, AA)} (31. Qxb4 $2 Bxb4 32. Re4 Rd1+ 33. Kh2 Bd6+ 34. Bf4 Bxf4+ 35.
Rxf4 Rd2 36. Rxa4 Rxb2 $14 {/=})) 30... Rc8 $1 31. h4 g6 $6 (31... Rc2 $142 $1
$11 32. h5 (32. Qe4 Qe2) (32. g3 Qb3) 32... Qb3 33. Qg4 Qb4) 32. Qg4 ({Falls} 
32. Be3 {, so kann} Bg7 $1 (32... Qxb2 $143 33. h5 $40) 33. Bd4 Bxd4 34. Rxd4
Qxb2 35. Rxa4 Rc1+ 36. Kh2 Qe5+ 37. g3 (37. Qg3 Qxg3+) 37... Qe1 $14 {/=
folgen.}) 32... Re8 $6 ({Besser waren: I} 32... Rc4 $5 33. Qg5 Qxg5 34. Bxg5
Bg7) ({II} 32... Rc2 $1 33. Be3 Rxb2 34. Rd8 Rb1+ 35. Kh2 Qe5+ 36. g3 (36. Qg3
Qxg3+ 37. Kxg3 Rb3 38. Kf4 Rb5 $11) (36. Bf4 Qc5 37. Qg3 (37. Bd6 Qxd6+ 38.
Rxd6 Bxd6+ 39. g3 a3) 37... Kh7 38. Be3 Qe7 39. Bg5 f6 40. Qd3 Qe5+ 41. g3 Qe1
$132 {=}) 36... Qc7 37. Qc8 Qxc8 38. Rxc8 Kg7 39. Bd4+ f6 40. Rc7+ (40. Bxf6+
Kf7) 40... Kg8 41. Bxf6 a3 $132 {=}) 33. Be3 $5 $14 Bg7 (33... Qxb2 34. Qxa4 (
34. h5 $143 Qc2 35. hxg6 fxg6) 34... Qe5 35. g3 $14) 34. Ra1 Ra8 $6 $138 {(AA)}
({Kurz vor der Zeitkontrolle läßt David Howell nun mehrere passable
Remischancen aus. Hier verdiente beispielsweise die Abwicklung} 34... Qxb2 $142
35. Rxa4 Qb1+ 36. Kh2 Rxe3 $1 37. fxe3 Be5+ {den Vorzug:} 38. g3 (38. Rf4 $14)
38... Qc2+ 39. Kh3 Qf2 40. Rf4 Bxf4 41. Qxf4 Qe2 $14) 35. Qe4 Qa6 $2 (35... Ra6
$142 36. Rc1 Re6 37. Rc8+ Kh7 38. Qf3 (38. Qg4 Qxb2 39. h5 Qb1+) 38... Rf6 39.
Qd1 Rc6 40. Ra8 Ra6 $14) 36. Bd4 Bxd4 37. Qxd4 {Dieses Schwerfiguren-Duell ist
für den Verteidiger, der überdies in Zeitnot war, kaum zu überstehen, zumal
Weiß seinen Mehrbauern als ein Art "Kamikaze" auf h5 in die Waagschale zu
werfen droht.} Qb5 $2 ({Meine "Silikon-Freunde" vermelden das versteckte} 37...
Qa7 $5 {als ausreichend:} 38. Qf4 Qb6 39. Rxa4 Rxa4 40. Qxa4 Qxb2 $14 {und
nach Abtausch der Damenflügelbauern ist Schwarz dem Remishafen näher gekommen.}
) 38. Ra3 $1 Rb8 39. Re3 $1 {Diese gute Möglichkeit, Druck zu entfalten, läßt
sich der große Taktiker Areshchenko nicht entgehen.} ({Auf} 39. h5 $143 {
befürchtete Areshchenko} Qb4 {, wonach} (39... Qb6 {kam ebenso in Betracht, z.
B.} 40. Qxb6 Rxb6 41. hxg6 fxg6 42. Rxa4 Rxb2 43. Ra7 $14) 40. Rxa4 {und der
Folge} Qxd4 41. Rxd4 Rxb2 42. hxg6 fxg6 43. Rd7 $14 {nur geringen weißen
Vorteil ergibt; Schwarz sollte sich in jedem Fall behaupten können.}) 39... Qf5
$2 {Der letzte Fehler, wonach die schwarze Position nicht mehr zu halten ist.}
({I} 39... Re8 $8 $16 {ist laut Areshchenko der einzig spielbare Zug. Indes
nach vorzugsweise} 40. Rxe8+ Qxe8 {kann Weiß in dem Damenendspiel noch lange
Gewinnversuche unternehmen}) ({II Dass} 39... Qxb2 $4 {freilich an} 40. Re8+
$18 {scheitert, war eine zentrale Idee des Turmmanövers Ra1-a3-e3}) 40. Re5 $5
({Erst in der post-mortem-Analyse erkannte Areshchenko, dass der Hebel} 40. h5
$1 {den schwarzen Königsflügel entscheidend geschwächt und forciert gewonnen
hätte. Man sehe, daß trotz des reduzierten Materials noch einige reizvolle
Taktikmotive auftauchen:} g5 (40... gxh5 41. Rg3+ Kf8 42. Qd6+ $18) (40... Qxh5
41. Rh3 $18) (40... Rc8 41. hxg6 fxg6 42. Rh3 $18) {und nun z.B.} 41. Rf3 ({
oder auch} 41. g4 Qf4 42. Qxf4 gxf4 43. Re4 $18 f3 44. Rxa4 Rxb2 45. Rf4 Rb3
46. Kh2 {usw.}) 41... Qb1+ (41... Qe6 42. Rf6 Qe1+ 43. Kh2 Qb4 (43... Re8 44.
Rf5) 44. Qd5 $18) 42. Kh2 Qxb2 43. Qd5 Qg7 44. Rf5 $18) 40... Qb1+ (40... Qc8
41. h5 Qc1+ 42. Kh2 {ist Zugumstellung zur Partie}) 41. Kh2 Qc1 42. h5 $1 ({
Der thematische Aufreißer ist immer noch stark genug, während das vorbereitende
} 42. f4 $143 {möglicherweise zu zögerlich ist, z.B.} Qc7 43. h5 Qd8 44. Qe3 (
44. Qf2 Rb4 45. hxg6 fxg6) 44... Qh4+ 45. Kg1 Rd8 46. Re8+ Rxe8 47. Qxe8+ Kg7
48. hxg6 fxg6 $16) 42... Qh6 ({Oder} 42... Qc7 {und z.B.} 43. g3 Qd8 (43... Rd8
44. Qf4 Qc6 (44... Rf8 45. Qf6 $1 Qd8 46. Re7 Qd2 (46... Qd5 47. g4 $18) 47.
hxg6 Qh6+ 48. Kg2 Qxg6 (48... fxg6 49. Qe6+ Kh8 50. Qe5+ Kg8 51. Qd5+ Kh8 52.
Re1 $18)) 45. h6 $1 Qb6 (45... Rf8 46. Re4 {/\Rxa4+-} Ra8 47. Qe5 f6 48. Qe7) (
45... Rd1 46. Re4 Rh1+ 47. Kxh1 f5 48. Qe5 Qxe4+ (48... Qb7 49. Qe8+ Kh7 50.
Qe7+) 49. Qxe4 fxe4 50. g4 g5 51. Kg1 $18) 46. Re7 Rf8 47. Rb7 $1 Qa5 48. g4
Qd8 (48... Kh7 49. g5 $18) 49. g5 Kh8 50. Rxf7 Rxf7 51. Qxf7 Qb8+ 52. Kh3 Qxb2
53. Qf8+ Kh7 54. Qe7+ Kg8 55. Qe8+ Kh7 56. Qxa4 $18) 44. Rd5 {und Weiß gewinnt:
} ({auch} 44. Qxa4) 44... Qf8 (44... Qb6 45. Qf4 Rd8 46. hxg6 fxg6 47. Rxd8+
Qxd8 48. Qxa4 $18) 45. hxg6 Qh6+ 46. Kg1 fxg6 (46... Qxg6 47. Qf4 $18) 47. Qe4
Rf8 48. Rd6 Kh7 49. Qb7+ ({oder auch} 49. Rd7+ Kh8 50. Qe5+ Kg8 51. Qe6+ Kh8
52. Kg2 $18 Qg5 53. Qh3+ (53. f4) 53... Qh5 54. Qxh5+ gxh5 55. Ra7 $18) 49...
Kh8 50. Qc6 $18) 43. g3 (43. f4) 43... Qg7 44. Kg1 $18 {/\45.hxg6 fxg6 46.Qe4
und/oder 45.Qd5+} Rf8 (44... g5 45. Qd5) 45. Qd5 (45. Qf4) 45... Kh8 46. Qd6 ({
oder auch} 46. Qb5 Qf6 47. Re4) 46... Kh7 47. Ra5 Re8 48. hxg6+ Qxg6 49. Qxg6+
fxg6 50. Rxa4 Rb8 51. Rh4+ Kg7 52. b4 g5 53. Rc4 Kf6 54. Kg2 1-0